Contes choisis
Guardat en:
| Autor principal: | |
|---|---|
| Format: | Llibre |
| Idioma: | francès espanyol |
| Publicat: |
Buenos Aires
Araujo
1944
|
| Col·lecció: | La France Eternelle
|
| Matèries: | |
| Etiquetes: |
Afegir etiqueta
Sense etiquetes, Sigues el primer a etiquetar aquest registre!
|
MARC
| LEADER | 00000nam a2200000 a 4500 | ||
|---|---|---|---|
| 001 | UCY9815 | ||
| 003 | CL-VaPUC | ||
| 008 | 950720e19440000AG |||||||||||||||||fre|d | ||
| 041 | 0 | 7 | |a fre |2 CL-VaPUC |
| 041 | 0 | 7 | |a spa |2 CL-VaPUC |
| 082 | 0 | 4 | |a 843 |b DAU |2 21 |
| 100 | 0 | |a Daudet, Alphonse |e author |9 342384 | |
| 245 | 1 | 0 | |a Contes choisis |
| 300 | |a 215 p | ||
| 942 | |c BK | ||
| 945 | |d 19950720 00:00:00 |a rbrito | ||
| 260 | |a Buenos Aires |b Araujo |c 1944 | ||
| 650 | 0 | |a Cuentos franceses |9 265569 | |
| 583 | |a last modification |c 19950720 00:00:00 |k Rodrigo Vera | ||
| 490 | 0 | |a La France Eternelle | |
| 999 | |c 236851 |d 236849 | ||
| 952 | |0 0 |1 0 |4 0 |6 843_000000000000000_DAU_1944 |7 0 |8 A |9 245196 |a BIBEDU |b BIBEDU |d 2019-11-18 |i 3102149 |o 843 DAU 1944 |p 3102149 |r 2019-11-18 |w 2019-11-18 |y BK |k LIT | ||